Southville International School and Colleges
Your cart is empty.
  • Cart
  • Lists
    Public lists Eva Luna New books Lux_list list_1
    Your lists Log in to create your own lists
  • Log in to your account
  • Your cookies
  • Search history
Southville International School and Colleges
  • Advanced search
  • Recent comments
  • Most popular
  • Libraries

Log in to your account

Log in with GOOGLE


If you do not have an external account, but do have a local account, you can still log in:

  1. Home
  2. MARC view: The charmed bracelet /
Normal view MARC view ISBD view

The charmed bracelet / (Record no. 306469)

[ view plain ]
MARC details
000 -LEADER
fixed length control field 01108nam a2200337Ia 4500
008 - FIXED-LENGTH DATA ELEMENTS--GENERAL INFORMATION
fixed length control field 170203s9999 xx 000 0 und d
020 ## - INTERNATIONAL STANDARD BOOK NUMBER
International Standard Book Number 9781597070362
050 ## - LIBRARY OF CONGRESS CALL NUMBER
Classification number Fic
050 ## - LIBRARY OF CONGRESS CALL NUMBER
Item number K26c
100 ## - MAIN ENTRY--PERSONAL NAME
Personal name Petrucha, Stefan.
245 #4 - TITLE STATEMENT
Title The charmed bracelet /
245 ## - TITLE STATEMENT
Statement of responsibility, etc Stefan Petrucha, writer ; Daniel Vaughn Ross, artist ; with 3D-CG elements by Luis Lundgren ; preview pages, and art direction by Sho Murase.
260 ## - PUBLICATION, DISTRIBUTION, ETC. (IMPRINT)
Place of publication, distribution, etc New York :
260 ## - PUBLICATION, DISTRIBUTION, ETC. (IMPRINT)
Name of publisher, distributor, etc Papercutz : Distributed by Holtzbrinck Publishers,
260 ## - PUBLICATION, DISTRIBUTION, ETC. (IMPRINT)
Date of publication, distribution, etc ©2006.
300 ## - PHYSICAL DESCRIPTION
Extent 111 pages :
300 ## - PHYSICAL DESCRIPTION
Other physical details color illustrations ;
300 ## - PHYSICAL DESCRIPTION
Dimensions 20 cm.
440 ## - SERIES STATEMENT/ADDED ENTRY--TITLE
Title Nancy Drew, girl detective (Graphic novel),
440 ## - SERIES STATEMENT/ADDED ENTRY--TITLE
Volume number/sequential designation #7.
500 ## - GENERAL NOTE
General note "Based on the series by Carolyn Keene."
650 ## - SUBJECT ADDED ENTRY--TOPICAL TERM
Topical term or geographic name as entry element Bracelets --
650 ## - SUBJECT ADDED ENTRY--TOPICAL TERM
Topical term or geographic name as entry element Charms --
650 ## - SUBJECT ADDED ENTRY--TOPICAL TERM
Topical term or geographic name as entry element Detective and mystery comic books, strips, etc.
650 ## - SUBJECT ADDED ENTRY--TOPICAL TERM
Topical term or geographic name as entry element Drew, Nancy (Fictitious character) --
650 ## - SUBJECT ADDED ENTRY--TOPICAL TERM
Topical term or geographic name as entry element Drew, Nancy (Fictitious character) --
650 ## - SUBJECT ADDED ENTRY--TOPICAL TERM
General subdivision Comic books, strips, etc.
650 ## - SUBJECT ADDED ENTRY--TOPICAL TERM
General subdivision Fiction.
650 ## - SUBJECT ADDED ENTRY--TOPICAL TERM
General subdivision Fiction.
650 ## - SUBJECT ADDED ENTRY--TOPICAL TERM
General subdivision Fiction.
Holdings
Withdrawn status Lost status Damaged status Home library Current library Shelving location Date acquired Total Checkouts Full call number Barcode Date last seen Price effective from Koha item type
      Stonyhurst Southville International School (Batangas) Stonyhurst Southville International School (Batangas)   02/03/2017   Fic .K26c 2006 LS-2168 02/03/2017 02/03/2017 Books

The charmed bracelet /

APA

Petrucha S., .The charmed bracelet. New York: .

Chicago

Petrucha Stefan, .The charmed bracelet. New York: .

Harvard

Petrucha S., .The charmed bracelet. New York: .

MLA

Petrucha Stefan, .New York: . .

  • Place hold
  • Print
  • Cite
  • Add to your cart (remove)
  • Save record
    BIBTEX Dublin Core MARCXML MARC (non-Unicode/MARC-8) MARC (Unicode/UTF-8) MARC (Unicode/UTF-8, Standard) MODS (XML) RIS
  • More searches
    Search for this title in:
    Other Libraries (WorldCat) Other Databases (Google Scholar) Online Stores (Bookfinder.com) Open Library (openlibrary.org)

Exporting to Dublin Core...

SOUTHVILLE LIBRARY

Southville International School and Colleges Library

1281 Tropical Ave. Cor. Luxembourg St., BF Homes International, Las Pinas City

Tel. No. 8256374 / 252358 Loc. 117/146

Powered by Koha